000
00221nam a2200097Ia 4500
008
190216s9999||||xx |||||||||||||| ||und||
100
_a
Null
245
0
_a
Hindi-Gad Bharathi
260
_b
Poorna Pubs Kozhikode
942
_c
BK
999
_c
17360
_d
17360